000 01361cam a2200313 4500
008 040406n1995 000 0 eng u
020 _a0538843446
035 _a(Sirsi) u125756
041 _aeng
050 _a658.562
_c20
100 _aBounds, Gregory M.
245 _aManagement
_ba total quality perspective
260 _aCincinnati
_bSouth-Western College Publishing
_c1995
300 _axl, 760p.
_c27cm.
350 _a38
520 _aThis American text integrates total quality management themes into current management theory and practice. Part one introduces the theory and practice of management. Part two deals with strategic management issues. Part three looks at organisational structure and culture, and human resources management. Part four examines leadership, motivation, communication, teambuilding and organisational change. Part five concludes with methods for control and improvement. Includes case studies, references and a glossary.
650 _aTOTAL QUALITY MANAGEMENT
650 _aEUROPE
650 _aHUMAN RESOURCES MANAGEMENT
650 _aUNITED STATES
650 _aQUALITY ASSURANCE
650 _aSTRATEGIC MANAGEMENT
650 _aMANAGEMENT THEORY
650 _aLEADERSHIP
690 _aMANAGEMENT-BUSINESS MANAGEMENT
700 _aDobbins, Gregory H.
700 _aFowler, Oscar S.
942 _n0
999 _c103465
_d103465